[Event "Chigorin Memorial 2019"]
[Site "St Petersburg RUS"]
[Date "2019.10.09"]
[Round "5.105"]
[White "Svergina, Sofya"]
[Black "Iliaguev, Daniel"]
[Result "0-1"]
[WhiteTitle "WCM"]
[WhiteElo "1738"]
[BlackElo "2082"]
[WhiteFideId "24276120"]
[BlackFideId "2818434"]
[EventDate "2019.10.05"]

1. d4 Nf6 2. c4 Nc6 3. d5 Ne5 4. e3 e6 5. dxe6 Bb4+ 6. Bd2 Bxd2+ 7. Qxd2 fxe6 8.
Be2 O-O 9. Nc3 b6 10. Nf3 Ng6 11. O-O Bb7 12. h3 Qe7 13. Qc2 d6 14. Rad1 Nd7 15.
Ne4 Nge5 16. Nxe5 Nxe5 17. f4 Bxe4 18. Qxe4 Nd7 19. Bf3 Rac8 20. Qc2 Nf6 21. e4
e5 22. f5 Nd7 23. Qd2 a5 24. a3 a4 25. Qd5+ Kh8 26. Qd2 Nc5 27. Qc2 Rb8 28. Be2
Qg5 29. Rf3 Rf6 30. Rdf1 Rbf8 31. Bd1 Qh4 32. g4 h5 33. Rc3 hxg4 34. Bxg4 g6 35.
Rcf3 Nb3 36. fxg6 Rxf3 37. Rxf3 Rxf3 38. Bxf3 Qxh3 39. Qf2 Qh6 40. Qg2 Kg7 41.
Bd1 Nc5 42. Bc2 Qc1+ 43. Qf1 Qg5+ 44. Qg2 Kxg6 45. Kf2 Qxg2+ 46. Kxg2 Kg5 47.
Kg3 c6 48. Kf3 Kh4 49. Ke3 Kg3 50. Bd1 Kg2 51. Bf3+ Kf1 52. Bd1 Ke1 53. Bc2 b5
54. cxb5 cxb5 55. Bb1 Kd1 56. Bd3 Kc1 57. Bxb5 Kxb2 58. Bxa4 Nxa4 59. Kd3 Kb3 0-1

[Event "Chigorin Memorial 2019"]
[Site "St Petersburg RUS"]
[Date "2019.10.09"]
[Round "5.106"]
[White "Vershinin, Igor"]
[Black "Khadzhiev, Valery"]
[Result "1-0"]
[WhiteElo "1610"]
[BlackElo "2056"]
[WhiteFideId "24256137"]
[BlackFideId "34154601"]
[EventDate "2019.10.05"]

1. e4 e6 2. d4 d5 3. Nd2 Nf6 4. e5 Ng8 5. f4 c5 6. c3 Qb6 7. Ndf3 Bd7 8. Bd3 Bb5
9. Ne2 Bxd3 10. Qxd3 g6 11. O-O h5 12. Kh1 Nc6 13. dxc5 Bxc5 14. b4 Be7 15. Be3
Qc7 16. a3 a6 17. c4 Rd8 18. cxd5 Rxd5 19. Qe4 Nh6 20. Nc3 Rd7 21. Na4 O-O 22.
Nb6 Rdd8 23. Rac1 Nf5 24. Bf2 Qb8 25. h3 Kg7 26. g3 Rh8 27. Kg2 1-0

[Event "Chigorin Memorial 2019"]
[Site "St Petersburg RUS"]
[Date "2019.10.09"]
[Round "5.107"]
[White "Vetokhin, Savva"]
[Black "Pereverzev, Timofei"]
[Result "1-0"]
[WhiteTitle "CM"]
[WhiteElo "2071"]
[BlackElo "1479"]
[WhiteFideId "44144474"]
[BlackFideId "24239500"]
[EventDate "2019.10.05"]

1. e4 c5 2. Nf3 e6 3. d4 cxd4 4. Nxd4 a6 5. Bd3 Qc7 6. O-O Nf6 7. Qe2 d6 8. c4
g6 9. Nc3 Bg7 10. Nf3 Nbd7 11. Bf4 Ne5 12. Nxe5 dxe5 13. Be3 O-O 14. b4 Nd7 15.
a4 f5 16. f3 b6 17. a5 b5 18. Rfc1 bxc4 19. Bxc4 Re8 20. Nd5 Qb7 21. Nc7 Re7 22.
Nxa8 Qxa8 23. exf5 gxf5 24. b5 1-0

[Event "Chigorin Memorial 2019"]
[Site "St Petersburg RUS"]
[Date "2019.10.09"]
[Round "5.109"]
[White "Vershinina, Anastasiia"]
[Black "Davydova, Kira"]
[Result "1/2-1/2"]
[WhiteElo "1466"]
[BlackElo "1961"]
[WhiteFideId "54106559"]
[BlackFideId "34166120"]
[EventDate "2019.10.05"]

1. d4 d6 2. e4 g6 3. Bf4 Bg7 4. c3 Nd7 5. Na3 e5 6. Be3 Ne7 7. d5 f5 8. f3 Nf6
9. Bd3 O-O 10. Qd2 Qd7 11. Qe2 fxe4 12. fxe4 c6 13. c4 Ng4 14. Nf3 Nxe3 15. Qxe3
Qg4 16. O-O Bd7 17. Be2 Qf4 18. Qd3 c5 19. Nc2 Qh6 20. Rab1 g5 21. b4 cxb4 22.
Nxb4 Qg6 23. a3 Rf4 24. c5 dxc5 25. d6 cxb4 26. dxe7 Bc6 27. Qd8+ Qe8 28. Bc4+
Kh8 29. Nxg5 h6 30. Ne6 Rf6 31. Nxg7 Rxf1+ 32. Rxf1 Rxd8 33. exd8=Q Qxd8 34. Ne6
Qb6+ 35. Kh1 Qe3 36. Rf8+ Kh7 37. Rf7+ 1/2-1/2

[Event "Chigorin Memorial 2019"]
[Site "St Petersburg RUS"]
[Date "2019.10.09"]
[Round "5.110"]
[White "Stepanov, Artem"]
[Black "Kundianok, Vladislav"]
[Result "0-1"]
[WhiteElo "1401"]
[BlackElo "2043"]
[WhiteFideId "34253769"]
[BlackFideId "44157819"]
[EventDate "2019.10.05"]

1. e4 c5 2. Nf3 e6 3. d4 cxd4 4. Nxd4 Nf6 5. Bd3 Nc6 6. c3 d5 7. Nxc6 bxc6 8.
exd5 Nxd5 9. O-O Bd6 10. Qf3 O-O 11. Rd1 Qc7 12. h3 f5 13. Bc4 Bb7 14. Nd2 e5
15. Nf1 Kh8 16. Qe2 e4 17. Bxd5 cxd5 18. Ne3 Rad8 19. Nc2 f4 20. f3 exf3 21.
gxf3 Rde8 22. Qf1 Qb6+ 23. Kh2 Ba6 24. Qg1 Re2+ 0-1

[Event "Chigorin Memorial 2019"]
[Site "St Petersburg RUS"]
[Date "2019.10.09"]
[Round "5.111"]
[White "Gagare, Shalmali"]
[Black "Shaymardanov, Bakhtiyar"]
[Result "1/2-1/2"]
[WhiteTitle "WIM"]
[WhiteElo "2134"]
[BlackElo "1470"]
[WhiteFideId "5038650"]
[BlackFideId "34348190"]
[EventDate "2019.10.05"]

1. e4 e6 2. d4 d5 3. Nd2 c5 4. Ngf3 Nc6 5. Bb5 a6 6. Bxc6+ bxc6 7. O-O cxd4 8.
Nxd4 c5 9. N4f3 Be7 10. Qe2 Nf6 11. Re1 dxe4 12. Nxe4 Nxe4 13. Qxe4 Qd5 14. Qxd5
exd5 15. Bf4 Be6 16. Ng5 Bxg5 17. Bxg5 Kd7 18. c3 Rhe8 19. Rad1 f6 20. Bf4 Kc6
21. Kf1 Bf5 22. Rxe8 Rxe8 23. f3 c4 24. Re1 Rxe1+ 25. Kxe1 Bb1 26. a3 Kb5 27.
Kd2 1/2-1/2

[Event "Chigorin Memorial 2019"]
[Site "St Petersburg RUS"]
[Date "2019.10.09"]
[Round "5.112"]
[White "Dushin, Nikolay"]
[Black "Biriukov, Ilja"]
[Result "0-1"]
[BlackTitle "IM"]
[WhiteElo "1856"]
[BlackElo "2349"]
[WhiteFideId "4114612"]
[BlackFideId "4113373"]
[EventDate "2019.10.05"]

1. d4 Nf6 2. Nf3 c5 3. e3 d5 4. Be2 g6 5. Ne5 Bg7 6. Nd2 O-O 7. c3 Nbd7 8. f4
Qc7 9. O-O b6 10. a4 a6 11. Bf3 Bb7 12. Qc2 Rac8 13. Rf2 e6 14. Qd3 Ne8 15. Nxd7
Qxd7 16. dxc5 bxc5 17. e4 c4 18. Qf1 Nd6 19. exd5 exd5 20. Qd1 Rfe8 21. Re2 Qc7
22. Nf1 Nf5 0-1

[Event "Chigorin Memorial 2019"]
[Site "St Petersburg RUS"]
[Date "2019.10.09"]
[Round "5.113"]
[White "Shkuratov, Vladimir"]
[Black "Indzhiev, Aldar"]
[Result "0-1"]
[WhiteElo "1869"]
[BlackElo "2180"]
[WhiteFideId "44158190"]
[BlackFideId "34121703"]
[EventDate "2019.10.05"]

1. e4 c5 2. Nf3 Nc6 3. d4 cxd4 4. Nxd4 Nf6 5. Nc3 g6 6. Be3 Bg7 7. Bc4 O-O 8. f3
d6 9. Qd2 Bd7 10. O-O-O Rb8 11. Kb1 Na5 12. Bb3 b5 13. g4 Nc4 14. Bxc4 bxc4 15.
Ka1 Qb6 16. Rb1 Qa5 17. Bh6 Bxh6 18. Qxh6 Rb6 19. h4 Rfb8 20. Nde2 Ba4 21. Qd2
Nd7 22. h5 g5 23. Qd5 Ra6 24. Qxa5 Rxa5 25. Rbc1 Ne5 26. Nd4 Bd7 27. Nd5 Kf8 28.
a3 f6 29. Ka2 Rc5 30. b4 cxb3+ 31. cxb3 a5 32. b4 axb4 33. axb4 Rxc1 34. Rxc1
Nd3 35. Rb1 Ba4 36. b5 e5 37. Ne6+ Ke8 38. b6 Bc2 39. Nec7+ Kd7 40. Rb5 Kc6 41.
Ne7+ Kb7 42. Ned5 Kc6 43. Ne7+ Kb7 44. Ned5 Ne1 45. Ra5 Nxf3 46. Ra7+ Kc6 47.
Na6 Rxb6 48. Nab4+ Kb5 49. Nxc2 Rb8 50. Rc7 Nd2 51. Na3+ Ka6 52. Rc6+ Ka7 53.
Rxd6 Nxe4 54. Rd7+ Rb7 55. Nb5+ Ka6 56. Nb4+ Kb6 57. Nd5+ Kc6 58. Rxb7 Kxb7 59.
Nbc3 Nxc3+ 60. Nxc3 Kc6 0-1

[Event "Chigorin Memorial 2019"]
[Site "St Petersburg RUS"]
[Date "2019.10.09"]
[Round "5.114"]
[White "Ovezdurdiyeva, Jemal"]
[Black "Zhapova, Yana"]
[Result "1-0"]
[WhiteTitle "WFM"]
[WhiteElo "2117"]
[BlackElo "1878"]
[WhiteFideId "14001888"]
[BlackFideId "24278670"]
[EventDate "2019.10.05"]

1. d4 d5 2. c4 e6 3. cxd5 exd5 4. Nc3 c6 5. Bf4 Nf6 6. e3 Bf5 7. f3 Bd6 8. Nge2
O-O 9. g4 Bg6 10. h4 h5 11. g5 Nh7 12. Qd2 b5 13. Bh3 Re8 14. Kf2 Na6 15. a3 Nf8
16. Bxd6 Qxd6 17. f4 Be4 18. Nxe4 dxe4 19. Ng3 c5 20. Nf5 Qb6 21. d5 b4 22. Qe2
c4 23. Qxc4 bxa3 24. bxa3 Nc5 25. Rab1 Nd3+ 26. Kg3 Qa5 27. Qd4 f6 28. gxf6 Qc7
29. fxg7 Ng6 30. d6 Qc2 31. Qd5+ Kh7 32. Rhf1 Qe2 33. Rb7 Rg8 34. Qxe4 Nc5 35.
Qg2 Qc4 36. Qf3 Ne4+ 37. Kh2 Nf6 38. Rg1 Rab8 39. Rg5 Qc2+ 40. Bg2 Ng4+ 41. Qxg4 1-0

[Event "Chigorin Memorial 2019"]
[Site "St Petersburg RUS"]
[Date "2019.10.09"]
[Round "5.115"]
[White "Shalagin, Vladimir"]
[Black "Shapiyanov, Adam"]
[Result "0-1"]
[WhiteElo "2042"]
[BlackElo "1871"]
[WhiteFideId "34191990"]
[BlackFideId "24123390"]
[EventDate "2019.10.05"]

1. e4 c5 2. f4 d6 3. Nf3 Nf6 4. Nc3 g6 5. Bc4 e6 6. d3 Bg7 7. O-O O-O 8. Qe1 Nc6
9. Bb3 Na5 10. e5 dxe5 11. fxe5 Nd5 12. Ne4 Nxb3 13. axb3 f5 14. Nd6 h6 15. h4
Kh7 16. Bd2 Qc7 17. Qg3 Rg8 18. c4 Nb4 19. Bxb4 cxb4 20. d4 b6 21. Rfd1 Bb7 22.
Nxb7 Qxb7 23. d5 0-1

[Event "Chigorin Memorial 2019"]
[Site "St Petersburg RUS"]
[Date "2019.10.09"]
[Round "5.116"]
[White "Shemyakinskiy, Nikita"]
[Black "Antonian, Grant"]
[Result "1/2-1/2"]
[WhiteElo "1816"]
[BlackElo "2039"]
[WhiteFideId "44170025"]
[BlackFideId "24197807"]
[EventDate "2019.10.05"]

1. Nf3 d5 2. g3 Nf6 3. Bg2 Bg4 4. O-O c6 5. d4 e6 6. Nbd2 Bd6 7. Re1 Nbd7 8. e4
dxe4 9. Nxe4 Nxe4 10. Rxe4 Nf6 11. Bg5 Bf5 12. Re1 h6 13. Bxf6 Qxf6 14. d5 Rd8
15. dxc6 bxc6 16. Qe2 Qxb2 17. Nh4 O-O 18. Nxf5 exf5 19. Bxc6 Bb4 20. Red1 Bc3
21. Rxd8 Rxd8 22. Rd1 Rxd1+ 23. Qxd1 Qxa2 24. Qd8+ Kh7 25. Bd5 Qxc2 26. Bxf7
Qb1+ 27. Kg2 Qe4+ 28. Kg1 Qe1+ 1/2-1/2

[Event "Chigorin Memorial 2019"]
[Site "St Petersburg RUS"]
[Date "2019.10.09"]
[Round "5.117"]
[White "Mkrtchyan, Mariam"]
[Black "Chetyrev, Dmitry"]
[Result "1-0"]
[WhiteTitle "WCM"]
[WhiteElo "2039"]
[BlackElo "1869"]
[WhiteFideId "13310828"]
[BlackFideId "24175323"]
[EventDate "2019.10.05"]

1. d4 e6 2. c4 f5 3. Nf3 Nf6 4. Nc3 d5 5. Bf4 c6 6. e3 Bd6 7. Bd3 O-O 8. O-O b6
9. Rc1 Qe7 10. Qe2 Ne4 11. Bxd6 Qxd6 12. Ne5 Nd7 13. cxd5 Nxc3 14. Rxc3 Nxe5 15.
dxe5 Qxd5 16. g4 b5 17. Rd1 b4 18. Rcc1 Qxa2 19. Rxc6 Qa4 20. Rd6 a6 21. Bc4 Re8
22. Rd8 g6 23. b3 Qc6 24. R1d6 1-0

[Event "Chigorin Memorial 2019"]
[Site "St Petersburg RUS"]
[Date "2019.10.09"]
[Round "5.118"]
[White "Paltusov, Sergei"]
[Black "Kiseleva, Arina"]
[Result "1/2-1/2"]
[BlackTitle "WCM"]
[WhiteElo "1798"]
[BlackElo "2034"]
[WhiteFideId "24128147"]
[BlackFideId "4164989"]
[EventDate "2019.10.05"]

1. Nf3 Nf6 2. d4 g6 3. c4 Bg7 4. Nc3 d6 5. e4 O-O 6. Be2 Nbd7 7. O-O e5 8. Be3
h6 9. h3 a5 10. Qd2 Kh7 11. a3 exd4 12. Bxd4 Re8 13. Bd3 b6 14. Rfe1 Bb7 15. Qc2
Re6 16. Nd2 Nc5 17. Nd5 Nxd5 18. cxd5 Re8 19. Bxg7 Kxg7 20. Bb5 Re7 21. Qc3+ f6
22. f3 a4 23. Nc4 Qf8 24. Ne3 Ba6 25. Bxa6 Rxa6 26. Nc2 Nb3 27. Rad1 Ra5 28. Qb4
Qe8 29. Nd4 Nxd4 30. Qxd4 Kf7 31. Rc1 Rc5 32. Rc4 Re5 33. Rxa4 Rcxd5 34. Qe3 Rc5
35. Rd4 Kg7 36. Qd3 Qb5 37. Qd2 Qb3 38. Re2 Qa2 39. b4 Qxd2 40. Rexd2 Rc1+ 41.
Kf2 Re8 42. f4 g5 43. g3 gxf4 44. gxf4 Rc3 45. R2d3 Rxd3 46. Rxd3 Rxe4 47. Kf3
Rc4 48. Kg4 Kg6 49. Rd5 Rc1 50. f5+ Kg7 51. Rd4 Ra1 52. Rd3 Rc1 53. Rd4 b5 54.
Rd5 Rc4+ 55. Kh5 Rc3 56. h4 Rxa3 57. Rxb5 Ra7 58. Rb8 d5 59. Rd8 c6 60. Rc8 d4
61. Rxc6 Rd7 62. Rc2 d3 63. Rd2 Rd5 64. Kg4 1/2-1/2

[Event "Chigorin Memorial 2019"]
[Site "St Petersburg RUS"]
[Date "2019.10.09"]
[Round "5.119"]
[White "Pavlov, Mikhail"]
[Black "Makshanov, Matvey"]
[Result "1-0"]
[WhiteElo "2034"]
[BlackElo "1753"]
[WhiteFideId "44126573"]
[BlackFideId "24218081"]
[EventDate "2019.10.05"]

1. e4 e5 2. Nf3 Nc6 3. Bb5 Nf6 4. O-O Be7 5. Re1 d6 6. d4 exd4 7. Nxd4 Bd7 8.
Nc3 Nxd4 9. Bxd7+ Nxd7 10. Qxd4 O-O 11. Nd5 Bf6 12. Nxf6+ Qxf6 13. Qb4 Nc5 14.
e5 Qg6 15. exd6 Qxc2 16. Qd4 Nd3 17. Bh6 gxh6 18. Re3 Qxf2+ 19. Kh1 f6 20. Qxd3
cxd6 21. Re7 Rf7 22. Rxf7 Kxf7 23. Qxh7+ Ke6 24. Qe4+ Kf7 25. Qxb7+ 1-0

[Event "Chigorin Memorial 2019"]
[Site "St Petersburg RUS"]
[Date "2019.10.09"]
[Round "5.120"]
[White "Svidinsky, Dmitry"]
[Black "Vorobyova, Ekaterina"]
[Result "0-1"]
[WhiteElo "2033"]
[BlackElo "1748"]
[WhiteFideId "24120251"]
[BlackFideId "34166006"]
[EventDate "2019.10.05"]

1. d4 d5 2. c4 e6 3. Nf3 c5 4. cxd5 exd5 5. g3 Nc6 6. Bg2 Nf6 7. O-O Be7 8. Nc3
cxd4 9. Nxd4 O-O 10. Bg5 Bg4 11. Rc1 h6 12. Be3 Qd7 13. Re1 Bh3 14. Bh1 Ng4 15.
Nxd5 Nxe3 16. fxe3 Bg5 17. Nxc6 bxc6 18. Nf4 Qf5 19. Qd3 Bxf4 20. exf4 Qf6 21.
Qc3 Qe6 22. b3 Rac8 23. Bf3 Rc7 24. Red1 Rfc8 25. Rd2 c5 26. Bd5 Qb6 27. Qc4 h5
28. Rcd1 h4 29. Be4 Re7 30. Rd6 Qb8 31. Qd3 Rce8 32. Rd8 Qb6 33. Rxe8+ Rxe8 34.
Bf3 c4+ 35. Qd4 Rd8 36. e3 Rxd4 37. exd4 cxb3 38. axb3 Qxb3 0-1

[Event "Chigorin Memorial 2019"]
[Site "St Petersburg RUS"]
[Date "2019.10.09"]
[Round "5.121"]
[White "Ananjev, Ilija"]
[Black "Shohradowa, Lala"]
[Result "0-1"]
[BlackTitle "WFM"]
[WhiteElo "1741"]
[BlackElo "2024"]
[WhiteFideId "34166979"]
[BlackFideId "14004089"]
[EventDate "2019.10.05"]

1. d4 Nf6 2. c4 c5 3. Nf3 cxd4 4. Nxd4 e5 5. Nb5 d5 6. cxd5 Bc5 7. e3 O-O 8.
N5c3 e4 9. Bc4 Bf5 10. Nd2 Qe7 11. Nb3 Bd6 12. Nd4 Bg4 13. f3 Bc8 14. Qe2 a6 15.
Bd2 Qc7 16. Nxe4 Nxe4 17. fxe4 Bxh2 18. Bc3 Bg3+ 19. Kd2 Nd7 20. Nf5 Nb6 21. Bb3
Bxf5 22. exf5 Be5 23. Qh5 h6 24. f6 Bxc3+ 25. bxc3 Rac8 26. fxg7 Qxc3+ 27. Ke2
Qb2+ 28. Kf3 Qf6+ 29. Kg3 Qxg7+ 30. Qg4 Rfe8 31. Qxg7+ Kxg7 32. Kf4 a5 33. e4 a4
34. Bd1 Rc4 35. Bf3 Nxd5+ 36. Kg3 Nc3 37. e5 b5 38. Rhe1 Rc5 39. Kf4 b4 40. Re3
b3 41. axb3 axb3 42. Be4 b2 43. Rae1 Nxe4 0-1

[Event "Chigorin Memorial 2019"]
[Site "St Petersburg RUS"]
[Date "2019.10.09"]
[Round "5.122"]
[White "Trofimov, Ivan"]
[Black "Leonova, Ameliya"]
[Result "1-0"]
[WhiteElo "2014"]
[BlackElo "1748"]
[WhiteFideId "44136870"]
[BlackFideId "13512730"]
[EventDate "2019.10.05"]

1. e4 c5 2. Nf3 Nc6 3. d4 cxd4 4. Nxd4 g6 5. c4 Bg7 6. Be3 Nf6 7. Nc3 O-O 8. Be2
d6 9. f3 Bd7 10. O-O Nxd4 11. Bxd4 Bc6 12. Rc1 a5 13. b3 Nd7 14. Be3 Nc5 15. Qe1
Qb6 16. Kh1 Rfc8 17. Qh4 Bf6 18. Bg5 Bxg5 19. Qxg5 Qd8 20. Qe3 Qf8 21. f4 Qh6
22. e5 dxe5 23. Qxe5 Qh3 24. Bf3 Bxf3 25. Rxf3 Qe6 26. Nd5 Qxe5 27. fxe5 Rf8 28.
Nxe7+ Kg7 29. Nd5 Rae8 30. Re1 Nd7 31. Rfe3 Re6 32. Nf4 Re7 33. Kg1 Rfe8 34. e6
Nc5 35. exf7 Kxf7 36. Rxe7+ Rxe7 37. Rxe7+ Kxe7 38. Kf2 a4 39. b4 Ne4+ 40. Ke3 1-0

[Event "Chigorin Memorial 2019"]
[Site "St Petersburg RUS"]
[Date "2019.10.09"]
[Round "5.123"]
[White "Izoitko, Alexey"]
[Black "Zolotyh, Lev"]
[Result "1-0"]
[WhiteElo "1981"]
[BlackElo "1745"]
[WhiteFideId "24106062"]
[BlackFideId "34133353"]
[EventDate "2019.10.05"]

1. d4 d5 2. e4 dxe4 3. Nc3 e5 4. Nge2 Bg4 5. h3 Bxe2 6. Qxe2 exd4 7. Qxe4+ Qe7
8. Qxe7+ Bxe7 9. Nb5 Na6 10. Nxd4 Nb4 11. a3 Nd5 12. c4 Nb6 13. Nb5 O-O-O 14.
Nxa7+ Kb8 15. Nb5 Nf6 16. Bf4 Rd7 17. Be2 Re8 18. O-O Bc5 19. Bf3 Nc8 20. b4 Bd6
21. Nxd6 Nxd6 22. c5 Nc4 23. c6 Rd4 24. Be3 Nxe3 25. fxe3 Rxe3 26. cxb7 Red3 27.
Rfd1 Rxd1+ 28. Rxd1 Rxd1+ 29. Bxd1 Kxb7 30. Bb3 Kb6 31. Kf2 Ne4+ 32. Ke3 Nd6 33.
g4 f6 34. a4 c6 35. Kd4 Nc8 36. Bc2 h6 37. Bd3 Ne7 38. a5+ Kc7 39. Kc5 Nc8 40.
Be4 Ne7 41. a6 g6 42. b5 f5 43. b6+ Kb8 44. gxf5 gxf5 45. Bxc6 1-0

[Event "Chigorin Memorial 2019"]
[Site "St Petersburg RUS"]
[Date "2019.10.09"]
[Round "5.124"]
[White "Slastikhin, Vladislav"]
[Black "Ageeva, Vasilisa"]
[Result "1-0"]
[WhiteElo "1980"]
[BlackElo "1742"]
[WhiteFideId "34157325"]
[BlackFideId "24186120"]
[EventDate "2019.10.05"]

1. Nf3 Nf6 2. d4 g6 3. c4 Bg7 4. Nc3 O-O 5. e4 d6 6. Be2 c5 7. O-O cxd4 8. Nxd4
Nc6 9. Be3 Bd7 10. Qd2 Ng4 11. Bxg4 Bxg4 12. f3 Bd7 13. Rac1 Rc8 14. b3 a6 15.
Rfd1 Re8 16. Nd5 Ne5 17. Ne2 f5 18. Bb6 1-0

[Event "Chigorin Memorial 2019"]
[Site "St Petersburg RUS"]
[Date "2019.10.09"]
[Round "5.125"]
[White "Chesnokova, Anna"]
[Black "Kuznetsov, Mikhail"]
[Result "1-0"]
[WhiteElo "1683"]
[BlackElo "1971"]
[WhiteFideId "34237453"]
[BlackFideId "54126738"]
[EventDate "2019.10.05"]

1. e4 c5 2. Nf3 a6 3. c4 Nc6 4. d4 cxd4 5. Nxd4 Nf6 6. Nc3 e6 7. Be2 Bb4 8. Bg5
Bxc3+ 9. bxc3 Qa5 10. Nxc6 Qxg5 11. e5 dxc6 12. exf6 Qxf6 13. Qd3 O-O 14. O-O
Rd8 15. Qe3 e5 16. f4 exf4 17. Rxf4 Qg6 18. Qe7 Bh3 19. Rf2 Rd7 20. Qh4 Be6 21.
Raf1 Rf8 22. Rf4 Qc2 23. Bg4 f5 24. Qe1 Rd6 25. c5 Bd5 26. R4f2 Qa4 27. Bd1 1-0

[Event "Chigorin Memorial 2019"]
[Site "St Petersburg RUS"]
[Date "2019.10.09"]
[Round "5.126"]
[White "Zhuravlev, Mikhail"]
[Black "Vankon, Alexander"]
[Result "0-1"]
[WhiteElo "1577"]
[BlackElo "1955"]
[WhiteFideId "34430237"]
[BlackFideId "34402020"]
[EventDate "2019.10.05"]

1. e4 c5 2. Nf3 Nc6 3. Bb5 g6 4. Bxc6 dxc6 5. d3 Bg7 6. O-O Nf6 7. Nbd2 O-O 8.
h3 b5 9. Re1 Ne8 10. Nb3 c4 11. dxc4 Qxd1 12. Rxd1 bxc4 13. Na5 c3 14. b3 c5 15.
Ba3 Nd6 16. Re1 f5 17. e5 Ne4 18. Rad1 Be6 19. Nc6 Rfe8 20. Rxe4 fxe4 21. Ng5
Bf5 22. g4 Bh6 23. gxf5 Bxg5 24. fxg6 hxg6 25. Rd7 Kf7 26. Rd5 Rac8 27. Rxc5 e3
28. Kf1 Kg7 29. fxe3 Rf8+ 30. Ke2 Rh8 31. Rxc3 0-1

[Event "Chigorin Memorial 2019"]
[Site "St Petersburg RUS"]
[Date "2019.10.09"]
[Round "5.127"]
[White "Yudkevich, Mikhail"]
[Black "Matveev, Ivan A."]
[Result "1/2-1/2"]
[WhiteElo "1954"]
[BlackElo "1674"]
[WhiteFideId "4134486"]
[BlackFideId "24262790"]
[EventDate "2019.10.05"]

1. d4 d5 2. c4 e6 3. Nc3 Nf6 4. Nf3 Be7 5. Bf4 c6 6. e3 Nbd7 7. c5 b6 8. b4 bxc5
9. bxc5 Qa5 10. Qd2 O-O 11. h3 Bd8 12. Bd3 Ba6 13. Rc1 Bxd3 14. Qxd3 Bc7 15. O-O
Rfe8 16. Bxc7 Qxc7 17. Qa6 Qc8 18. Qxc8 Rexc8 19. Rb1 Rab8 20. a3 Rxb1 21. Rxb1
Rb8 22. Rxb8+ Nxb8 23. Ne5 Kf8 24. Na2 Nfd7 25. Nd3 Ke7 26. f3 Kd8 27. Kf2 Kc7
28. g4 Kb7 29. e4 Na6 30. e5 Nc7 31. a4 Nb8 32. Ndc1 Kc8 33. Nb3 Nca6 34. Na5
Nc7 35. Nb4 Kd7 36. Nb7 Ne8 37. f4 g6 38. Kg3 h6 39. h4 Ke7 40. h5 gxh5 41. f5
f6 42. Na5 Kd7 1/2-1/2

[Event "Chigorin Memorial 2019"]
[Site "St Petersburg RUS"]
[Date "2019.10.09"]
[Round "5.128"]
[White "Petrov, Igor"]
[Black "Dmitriev, Vladimir"]
[Result "1-0"]
[WhiteElo "1584"]
[BlackElo "1951"]
[WhiteFideId "54110831"]
[BlackFideId "4175069"]
[EventDate "2019.10.05"]

1. d4 d5 2. Nf3 Nf6 3. e3 e6 4. Bd3 Ne4 5. O-O Bd6 6. c4 c6 7. b3 O-O 8. Ba3 f5
9. Ne5 Bxa3 10. Nxa3 Nd7 11. Nxd7 Bxd7 12. Nc2 Rf6 13. f3 Ng5 14. Qe2 Rh6 15. e4
f4 16. exd5 exd5 17. cxd5 cxd5 18. Qe5 Ne6 19. Qxd5 Qh4 20. Qxd7 Qxh2+ 21. Kf2
Qg3+ 22. Ke2 Rd8 23. Qe7 Qxg2+ 24. Rf2 Qg5 25. Qxg5 Nxg5 26. Kd2 Kf8 27. Re1 Rh3
28. Be4 h5 29. Bxb7 h4 30. Re5 Rg3 31. Rf5+ Kg8 32. Rh2 Nxf3+ 33. Bxf3 Rxf3 34.
Rxh4 Rf2+ 35. Kd3 Rf8 36. Rxf8+ Kxf8 37. Nb4 Kf7 38. Rg4 a5 39. Nd5 Ke6 40. Rxf4
Rxa2 41. Nc3 Rb2 42. Kc4 g5 43. Re4+ Kf6 44. Re5 g4 45. Rxa5 g3 46. Ne4+ 1-0

[Event "Chigorin Memorial 2019"]
[Site "St Petersburg RUS"]
[Date "2019.10.09"]
[Round "5.129"]
[White "Novikov, Kirill"]
[Black "Davidov, Alexey"]
[Result "1-0"]
[WhiteElo "1950"]
[BlackElo "1658"]
[WhiteFideId "44153635"]
[BlackFideId "34106410"]
[EventDate "2019.10.05"]

1. e4 d6 2. d4 g6 3. c3 Bg7 4. f4 Nf6 5. Bd3 O-O 6. Nf3 Bg4 7. h3 Bxf3 8. Qxf3
Nbd7 9. e5 Ne8 10. O-O c6 11. Nd2 d5 12. f5 g5 13. f6 Ndxf6 14. exf6 Nxf6 15.
Bc2 Re8 16. Qd3 e5 17. dxe5 Rxe5 18. Nf3 Re8 19. Bxg5 Qd6 20. Bxf6 Bxf6 21.
Qxh7+ Kf8 22. Ng5 Re7 23. Qh6+ 1-0

[Event "Chigorin Memorial 2019"]
[Site "St Petersburg RUS"]
[Date "2019.10.09"]
[Round "5.130"]
[White "Kurchenko, Egor"]
[Black "Terman, Alexander"]
[Result "1-0"]
[WhiteElo "1917"]
[BlackElo "1577"]
[WhiteFideId "54157749"]
[BlackFideId "44157363"]
[EventDate "2019.10.05"]

1. e4 e6 2. d4 d5 3. Nd2 c5 4. c3 Nc6 5. Ngf3 cxd4 6. cxd4 dxe4 7. Nxe4 Bb4+ 8.
Bd2 Bxd2+ 9. Qxd2 Nf6 10. Bd3 Nxe4 11. Bxe4 O-O 12. O-O Qf6 13. Qc2 h6 14. Bxc6
bxc6 15. Qxc6 Rb8 16. Qc3 Bb7 17. Ne5 Rfd8 18. Qg3 Rbc8 19. Rfd1 Rc2 20. b3 Rdc8
21. Nd7 Qg5 22. Nc5 Bd5 23. Rdc1 Rd2 24. Rd1 Rb2 25. h3 Rc2 26. a4 e5 27. b4
exd4 28. Rxd4 a5 29. Rad1 Bc4 30. Nb7 Be2 31. Nd6 Qh5 32. Nxc8 Bxd1 33. Rd8+ Kh7
34. Qd3+ g6 35. Qd4 g5 36. Rh8+ Kg6 37. Ne7# 1-0

[Event "Chigorin Memorial 2019"]
[Site "St Petersburg RUS"]
[Date "2019.10.09"]
[Round "5.131"]
[White "Shmoilov, Dmitry"]
[Black "Smirnov, Yaroslav"]
[Result "1/2-1/2"]
[WhiteElo "1904"]
[BlackElo "1570"]
[WhiteFideId "24160342"]
[BlackFideId "44110839"]
[EventDate "2019.10.05"]

1. e4 c5 2. Nf3 Nc6 3. d3 g6 4. g3 Bg7 5. Bg2 d6 6. O-O e6 7. c3 Nge7 8. Re1 O-O
9. Nbd2 Qc7 10. Qe2 Rb8 11. Nf1 b5 12. h4 b4 13. Bd2 Ba6 14. Rec1 bxc3 15. Bxc3
Nb4 16. Ne1 Nbc6 17. Bxg7 Kxg7 18. Nf3 Qb6 19. b3 Nb4 20. Ne1 Qb5 21. Rd1 Nbc6 1/2-1/2